| 000 | 00500nam a22001937a 4500 | ||
|---|---|---|---|
| 003 | OSt | ||
| 005 | 20130514195011.0 | ||
| 008 | 130514s1997 sp ||||| |||| 00| 0 spa d | ||
| 020 | _a8408019783 | ||
| 040 | _cCDMR | ||
| 100 | 1 |
_91683 _aCebrián, Juan Luís |
|
| 245 | 1 | 0 |
_aCartas a un joven periodista _cJuan Luis Cebrián |
| 260 |
_aBarcelona _bAriel |
||
| 260 |
_bPlaneta _c1997 |
||
| 300 | _a148 p. | ||
| 490 | 0 | _aLa línea del horizonte | |
| 650 | 0 | 4 |
_93173 _aPeriodisme _zEspanya |
| 942 |
_2udc _cMON |
||
| 999 |
_c6247 _d6247 |
||